[Event "UK Armed Services Championship"]
[Site "Wittering"]
[Date "2024.04.07"]
[Round "5.11"]
[White "Blair, Jimmy"]
[Black "Morrison, Munroe L"]
[Result "1/2-1/2"]
[WhiteElo "1473"]
[BlackElo "1701"]
[PlyCount "46"]
[EventDate "2024.04.05"]
[EventType "swiss"]
[EventRounds "7"]
[EventCountry "ENG"]
[SourceTitle "BritBase"]
[Source "John Saunders"]
[SourceDate "2024.05.09"]
[SourceVersion "1"]
[SourceVersionDate "2024.04.06"]
[SourceQuality "1"]

1. e4 d6 2. Nf3 Nf6 3. Nc3 g6 4. Bc4 Bg7 5. d3 O-O 6. h3 Nc6 7. Be3 Na5 8. Qd2
c6 9. a3 Nxc4 10. dxc4 Qc7 11. O-O-O a6 12. g4 b5 13. c5 dxc5 14. Bxc5 a5 15.
e5 b4 16. exf6 bxc3 17. Qxc3 Bxf6 18. Bd4 Bxd4 19. Qxd4 c5 20. Qe5 Qb7 21. Qc3
Be6 22. Ng5 Bd5 23. f3 h6 1/2-1/2

[Event "UK Armed Services Championship"]
[Site "Wittering"]
[Date "2024.04.07"]
[Round "5.13"]
[White "Brocklehurst, John"]
[Black "Chwieseni, Edward I"]
[Result "1/2-1/2"]
[WhiteElo "1500"]
[BlackElo "1788"]
[PlyCount "69"]
[EventDate "2024.04.05"]
[EventType "swiss"]
[EventRounds "7"]
[EventCountry "ENG"]
[SourceTitle "BritBase"]
[Source "John Saunders"]
[SourceDate "2024.05.09"]
[SourceVersion "1"]
[SourceVersionDate "2024.04.06"]
[SourceQuality "1"]

1. e4 e5 2. Nc3 Bc5 3. Bc4 Nf6 4. h3 O-O 5. Nf3 Nc6 6. O-O d6 7. d3 Nd4 8. Bg5
c6 9. Na4 Nxf3+ 10. Qxf3 b5 11. Nxc5 dxc5 12. Bb3 a5 13. a4 Be6 14. Bxe6 fxe6
15. Qe3 Qd4 16. Rfe1 b4 17. c3 Qd6 18. Rad1 bxc3 19. bxc3 Rab8 20. d4 cxd4 21.
cxd4 Rb4 22. dxe5 Qxe5 23. Bf4 Qxe4 24. Bd6 Qxe3 25. fxe3 Rxa4 26. Bxf8 Kxf8
27. Rc1 Re4 28. Rxc6 a4 29. Ra6 Kf7 30. Kf2 Kg6 31. Ra1 Nd5 32. Ra3 h5 33.
R6xa4 Re5 34. e4 Nf6 35. Kf3 1/2-1/2

[Event "UK Armed Services Championship"]
[Site "Wittering"]
[Date "2024.04.07"]
[Round "5.14"]
[White "Lavender, Lee"]
[Black "Altaykan, Metin"]
[Result "1-0"]
[WhiteElo "1465"]
[BlackElo "1744"]
[PlyCount "35"]
[EventDate "2024.04.05"]
[EventType "swiss"]
[EventRounds "7"]
[EventCountry "ENG"]
[SourceTitle "BritBase"]
[Source "John Saunders"]
[SourceDate "2024.05.09"]
[SourceVersion "1"]
[SourceVersionDate "2024.04.06"]
[SourceQuality "1"]

1. d4 Nf6 2. Bf4 d5 3. e3 e6 4. Nd2 c5 5. c3 Nc6 6. Ngf3 c4 7. b3 b5 8. a4 bxa4
9. bxc4 Bd7 10. c5 Na5 11. Ne5 Nc6 12. Nxd7 Qxd7 13. Qxa4 a5 14. Nf3 Ne4 15.
Bb5 Rc8 16. Ne5 Nxc3 17. Bxc6 Nxa4 18. Bxd7+ 1-0

[Event "UK Armed Services Championship"]
[Site "Wittering"]
[Date "2024.04.07"]
[Round "5.15"]
[White "Arrowsuch, Samuel"]
[Black "Ross, David C (snr)"]
[Result "0-1"]
[WhiteElo "1150"]
[BlackElo "1710"]
[PlyCount "34"]
[EventDate "2024.04.05"]
[EventType "swiss"]
[EventRounds "7"]
[EventCountry "ENG"]
[SourceTitle "BritBase"]
[Source "John Saunders"]
[SourceDate "2024.05.09"]
[SourceVersion "1"]
[SourceVersionDate "2024.04.06"]
[SourceQuality "1"]

1. e4 e5 2. Nf3 Nc6 3. Bc4 Nf6 4. O-O Be7 5. d4 d6 6. Nc3 Bg4 7. d5 Nd4 8. Be2
Nxe2+ 9. Qxe2 O-O 10. Qd3 c6 11. Bg5 cxd5 12. exd5 Qb6 13. Bxf6 Bxf6 14. Ne4
Be7 15. b3 f5 16. Nfg5 fxe4 17. Qxe4 Bf5 0-1

[Event "UK Armed Services Championship"]
[Site "Wittering"]
[Date "2024.04.07"]
[Round "5.16"]
[White "Collins, Nigel"]
[Black "O'Byrne, Danny"]
[Result "1-0"]
[WhiteElo "1488"]
[BlackElo "1672"]
[Annotator "kjt23"]
[PlyCount "145"]
[EventDate "2024.04.05"]
[EventType "swiss"]
[EventRounds "7"]
[EventCountry "ENG"]
[SourceTitle "BritBase"]
[Source "John Saunders"]
[SourceDate "2024.05.09"]
[SourceVersion "1"]
[SourceVersionDate "2024.04.06"]
[SourceQuality "1"]

1. c4 f5 2. Nc3 Nf6 3. g3 c6 4. Bg2 e5 5. Nf3 e4 6. Nd4 d5 7. cxd5 Nxd5 8. Nxd5
Qxd5 9. e3 c5 10. Nb5 Na6 11. d4 cxd4 12. Nxd4 Nb4 13. O-O Bd7 14. a3 Nd3 15.
Qxd3 O-O-O 16. Qb3 Qa5 17. Qc4+ Kb8 18. b4 Qa4 19. Bb2 Be7 20. Qb3 Qa6 21. Rac1
Bf6 22. Qc4 Qa4 23. Qb3 Qa6 24. Qc4 Qa4 25. Qb3 Qxb3 26. Nxb3 Bxb2 27. Rcd1
Bxa3 28. Nc5 Bb5 29. Rxd8+ Rxd8 30. Rb1 b6 31. Ne6 Rd7 32. Nd4 Ba4 33. Ra1 Rc7
34. Rxa3 Rc1+ 35. Bf1 Bd1 36. Kg2 Rb1 37. b5 Kb7 38. Rc3 g6 39. Ra3 Rc1 40. Ne2
Rc2 41. Nd4 Rc1 42. Be2 Bxe2 43. Nxe2 Rb1 44. Nd4 Rb2 45. Rb3 Ra2 46. Rc3 Rb2
47. Rc2 Rb1 48. Ra2 Rb4 49. Kf1 Rb1+ 50. Ke2 h6 51. Kd2 Rf1 52. Kc3 Rc1+ 53.
Rc2 Rh1 54. h4 a6 55. bxa6+ Kxa6 56. Ra2+ Kb7 57. Rb2 Rf1 58. Kb4 Rc1 59. Ne6
Rc6 60. Nf4 Rd6 61. Kb5 g5 62. hxg5 hxg5 63. Ne2 Rd5+ 64. Kb4 Rd3 65. Kc4 Rd1
66. Nd4 f4 67. gxf4 gxf4 68. exf4 Rd3 69. f5 Ra3 70. Kd5 e3 71. f6 exf2 72.
Rxf2 Ra8 73. f7 1-0

[Event "UK Armed Services Championship"]
[Site "Wittering"]
[Date "2024.04.07"]
[Round "5.18"]
[White "Tucker, David S"]
[Black "Brewer, Sam"]
[Result "1/2-1/2"]
[WhiteElo "1949"]
[BlackElo "1397"]
[PlyCount "55"]
[EventDate "2024.04.05"]
[EventType "swiss"]
[EventRounds "7"]
[EventCountry "ENG"]
[SourceTitle "BritBase"]
[Source "John Saunders"]
[SourceDate "2024.05.09"]
[SourceVersion "1"]
[SourceVersionDate "2024.04.06"]
[SourceQuality "1"]

1. e4 e5 2. Nf3 Nc6 3. Bb5 a6 4. Ba4 Nf6 5. O-O Be7 6. Re1 b5 7. Bb3 d6 8. c3
Be6 9. d4 Bxb3 10. Qxb3 exd4 11. cxd4 Na5 12. Qc2 h6 13. b4 Nc4 14. Nbd2 d5 15.
e5 Nh7 16. a3 O-O 17. Nb3 Ng5 18. Nxg5 Bxg5 19. f4 Be7 20. Nc5 Bxc5 21. bxc5 c6
22. Rf1 Qe7 23. Rb1 f6 24. Bb2 Ne3 25. Qc3 Nxf1 26. Rxf1 f5 27. Qd2 a5 28. Bc3
1/2-1/2

[Event "UK Armed Services Championship"]
[Site "Wittering"]
[Date "2024.04.07"]
[Round "5.19"]
[White "Rossetti, Oliver"]
[Black "Howard, Edward"]
[Result "1-0"]
[WhiteElo "1762"]
[BlackElo "1400"]
[PlyCount "97"]
[EventDate "2024.04.05"]
[EventType "swiss"]
[EventRounds "7"]
[EventCountry "ENG"]
[SourceTitle "BritBase"]
[Source "John Saunders"]
[SourceDate "2024.05.09"]
[SourceVersion "1"]
[SourceVersionDate "2024.04.06"]
[SourceQuality "1"]

1. d4 Nf6 2. Bg5 d5 3. Bxf6 exf6 4. c4 Bb4+ 5. Nc3 c6 6. e3 O-O 7. Bd3 Be6 8.
c5 Ba5 9. Nge2 b6 10. cxb6 axb6 11. O-O Qd6 12. a3 b5 13. Qc2 h6 14. Nf4 Re8
15. Nce2 Bc7 16. Ng3 Kf8 17. Be2 g5 18. Nxe6+ Qxe6 19. Qh7 Bxg3 20. hxg3 f5 21.
Bd3 Qg6 22. Qh8+ Ke7 23. Qe5+ Qe6 24. Qxf5 Qxf5 25. Bxf5 Kf6 26. Bg4 Re4 27.
Bc8 h5 28. Rac1 Ra7 29. f3 Rxe3 30. Kf2 Rb3 31. Rb1 b4 32. g4 h4 33. Bf5 bxa3
34. bxa3 Raxa3 35. Rxb3 Rxb3 36. Ra1 Ke7 37. Ra7+ Kf6 38. Rc7 Rc3 39. Rb7 Rc4
40. Rxb8 Rxd4 41. Rc8 Rc4 42. Bd7 c5 43. Rc7 Ke5 44. Be8 f6 45. Bf7 Rc2+ 46.
Kg1 d4 47. Re7+ Kf4 48. Kh2 d3 49. Re4# 1-0

[Event "UK Armed Services Championship"]
[Site "Wittering"]
[Date "2024.04.07"]
[Round "5.20"]
[White "Searle, Tristan"]
[Black "Hill, Thomas"]
[Result "0-1"]
[WhiteElo "1424"]
[BlackElo "1675"]
[PlyCount "66"]
[EventDate "2024.04.05"]
[EventType "swiss"]
[EventRounds "7"]
[EventCountry "ENG"]
[SourceTitle "BritBase"]
[Source "John Saunders"]
[SourceDate "2024.05.09"]
[SourceVersion "1"]
[SourceVersionDate "2024.04.06"]
[SourceQuality "1"]

1. e4 e5 2. Nf3 Nf6 3. Nxe5 Nc6 4. Nxc6 dxc6 5. Nc3 Bc5 6. Bc4 Bxf2+ 7. Kf1 Bg4
8. Be2 h5 9. h3 Qd4 10. Bf3 Bg3 11. Qe2 Bxf3 12. Qxf3 h4 13. d3 O-O-O 14. Be3
Qb4 15. Rb1 Rhe8 16. a3 Qa5 17. b4 Qxa3 18. Ne2 Qa2 19. Rc1 Qb2 20. Nxg3 hxg3
21. Qxg3 Qxb4 22. Qxg7 Qd6 23. Qg5 Rg8 24. Qf4 Qe7 25. g4 a5 26. g5 Rd6 27. Ke2
Nd5 28. exd5 Re8 29. Kd2 Rxd5 30. Rhe1 Re5 31. Bf2 Re2+ 32. Kc3 Qa3+ 33. Kc4
Qb4# 0-1

[Event "UK Armed Services Championship"]
[Site "Wittering"]
[Date "2024.04.07"]
[Round "5.21"]
[White "Opaleye, Toluwaniyi"]
[Black "Huyton, Paul M"]
[Result "0-1"]
[WhiteElo "1395"]
[BlackElo "1644"]
[PlyCount "110"]
[EventDate "2024.04.05"]
[EventType "swiss"]
[EventRounds "7"]
[EventCountry "ENG"]
[SourceTitle "BritBase"]
[Source "John Saunders"]
[SourceDate "2024.05.09"]
[SourceVersion "1"]
[SourceVersionDate "2024.04.06"]
[SourceQuality "1"]

1. e4 c6 2. d4 d5 3. Nc3 dxe4 4. Nxe4 Bf5 5. f3 e5 6. Be3 exd4 7. Bxd4 Bxe4 8.
fxe4 Qh4+ 9. Bf2 Qxe4+ 10. Qe2 Qxe2+ 11. Bxe2 Be7 12. O-O-O Nf6 13. Bd4 Nbd7
14. Nf3 O-O 15. h3 Bc5 16. Ne5 Bxd4 17. Nxd7 Nxd7 18. Rxd4 Nf6 19. Bf3 Rad8 20.
Rhd1 Rxd4 21. Rxd4 h6 22. h4 h5 23. g4 hxg4 24. Bxg4 Nxg4 25. Rxg4 f5 26. Rg6
Kh7 27. Rg2 Kh6 28. Kd2 Rf7 29. Ke3 f4+ 30. Kf3 Kh5 31. Rg4 g6 32. Rxf4 Rxf4+
33. Kxf4 Kxh4 34. c4 c5 35. a3 g5+ 36. Kf3 Kh3 37. Kf2 g4 38. b4 b6 39. bxc5
bxc5 40. a4 Kh2 41. a5 a6 42. Kf1 g3 43. Ke2 g2 44. Kd3 g1=Q 45. Ke4 Qa1 46.
Kd5 Qxa5 47. Kc6 Qb4 48. Kd5 a5 49. Kc6 a4 50. Kd5 a3 51. Kc6 a2 52. Kd5 a1=Q
53. Kc6 Qa6+ 54. Kd5 Qbxc4+ 55. Ke5 Qae6# 0-1

[Event "UK Armed Services Championship"]
[Site "Wittering"]
[Date "2024.04.07"]
[Round "5.22"]
[White "Eddershaw, John HT"]
[Black "Sherpa, Angtshiring"]
[Result "0-1"]
[WhiteElo "1273"]
[BlackElo "1000"]
[PlyCount "69"]
[EventDate "2024.04.05"]
[EventType "swiss"]
[EventRounds "7"]
[EventCountry "ENG"]
[SourceTitle "BritBase"]
[Source "John Saunders"]
[SourceDate "2024.05.09"]
[SourceVersion "1"]
[SourceVersionDate "2024.04.06"]
[SourceQuality "1"]

1. d4 d5 2. Nf3 Nc6 3. e3 f6 4. Nc3 e5 5. dxe5 Nxe5 6. Nxe5 fxe5 7. Qh5+ Ke7 8.
Qxe5+ Be6 9. g3 c6 10. b3 Nf6 11. Bh3 Qc8 12. O-O Kf7 13. Bxe6+ Qxe6 14. f4 Re8
15. Qxe6+ Rxe6 16. Na4 b5 17. Nb2 Bc5 18. Nd1 Rhe8 19. Re1 Ng4 20. Kh1 Rh6 21.
Re2 d4 22. e4 Rd8 23. a4 d3 24. cxd3 Rxd3 25. f5 Rxd1+ 26. Kg2 Rxh2+ 27. Kf3
Ne5+ 28. Kf4 Rxe2 29. Kxe5 Bd4+ 30. Kd6 Bxa1+ 31. Kxc6 Rxc1+ 32. Kxb5 Rxe4 33.
a5 Rb1 34. g4 Rxb3+ 35. Ka6 0-1

[Event "UK Armed Services Championship"]
[Site "Wittering"]
[Date "2024.04.07"]
[Round "5.23"]
[White "Nelder, Alan J"]
[Black "Lucas-Divers, Zamira"]
[Result "1-0"]
[WhiteElo "1628"]
[BlackElo "1363"]
[PlyCount "43"]
[EventDate "2024.04.05"]
[EventType "swiss"]
[EventRounds "7"]
[EventCountry "ENG"]
[SourceTitle "BritBase"]
[Source "John Saunders"]
[SourceDate "2024.05.09"]
[SourceVersion "1"]
[SourceVersionDate "2024.04.06"]
[SourceQuality "1"]

1. e4 e5 2. Nf3 Nc6 3. Bb5 Nd4 4. Nxd4 a6 5. Bxa6 Rxa6 6. Nf3 Qf6 7. Nc3 Ne7 8.
d3 h6 9. Nb5 Rc6 10. Be3 b6 11. c3 Ba6 12. a4 d5 13. O-O g5 14. b4 Bg7 15. Qb3
O-O 16. exd5 Nxd5 17. Qxd5 Bxb5 18. axb5 Rxc3 19. Rac1 Rc8 20. Rxc3 Bf8 21.
Qxe5 Qg6 22. Bd4 1-0

[Event "UK Armed Services Championship"]
[Site "Wittering"]
[Date "2024.04.07"]
[Round "5.24"]
[White "Chapman, Chas"]
[Black "Bradley, Eric"]
[Result "1/2-1/2"]
[WhiteElo "1546"]
[BlackElo "1317"]
[PlyCount "32"]
[EventDate "2024.04.05"]
[EventType "swiss"]
[EventRounds "7"]
[EventCountry "ENG"]
[SourceTitle "BritBase"]
[Source "John Saunders"]
[SourceDate "2024.05.09"]
[SourceVersion "1"]
[SourceVersionDate "2024.04.06"]
[SourceQuality "1"]

1. e4 d6 2. Nf3 Nf6 3. Nc3 Nbd7 4. Bc4 e5 5. d4 Be7 6. dxe5 dxe5 7. Ng5 O-O 8.
O-O Qe8 9. Re1 Nb6 10. Bb3 h6 11. Nf3 Bg4 12. h3 Bh5 13. g4 Bg6 14. Nxe5 Kh7
15. Nxg6 fxg6 16. Qd2 Bc5 1/2-1/2

[Event "UK Armed Services Championship"]
[Site "Wittering"]
[Date "2024.04.07"]
[Round "5.25"]
[White "Reynolds, Ellis"]
[Black "Simpson, Jack"]
[Result "0-1"]
[WhiteElo "1305"]
[BlackElo "1538"]
[PlyCount "61"]
[EventDate "2024.04.05"]
[EventType "swiss"]
[EventRounds "7"]
[EventCountry "ENG"]
[SourceTitle "BritBase"]
[Source "John Saunders"]
[SourceDate "2024.05.09"]
[SourceVersion "1"]
[SourceVersionDate "2024.04.06"]
[SourceQuality "1"]

1. e4 e6 2. d4 b6 3. Nc3 Bb7 4. d5 Bb4 5. Nf3 h6 6. a3 Bxc3+ 7. bxc3 Nf6 8. c4
Nxe4 9. Bd3 exd5 10. cxd5 Bxd5 11. c4 Bb7 12. Qe2 Qe7 13. Nd2 Nxd2 14. Qxe7+
Kxe7 15. Kxd2 Re8 16. Bb2 f6 17. Bg6 Rd8 18. f3 d5 19. Rhe1+ Kf8 20. c5 bxc5
21. a4 Bc6 22. Ba3 Na6 23. Re6 Rd6 24. Rae1 Nb4 25. f4 Rxe6 26. Rxe6 Bxa4 27.
Kc3 Be8 28. Bxb4 cxb4+ 29. Kxb4 Bxg6 30. Kc5 Be4 31. g3 0-1

[Event "UK Armed Services Championship"]
[Site "Wittering"]
[Date "2024.04.07"]
[Round "5.26"]
[White "Drummond, Iestyn"]
[Black "O'Neill, Stephen G"]
[Result "0-1"]
[WhiteElo "1300"]
[BlackElo "1536"]
[PlyCount "50"]
[EventDate "2024.04.05"]
[EventType "swiss"]
[EventRounds "7"]
[EventCountry "ENG"]
[SourceTitle "BritBase"]
[Source "John Saunders"]
[SourceDate "2024.05.09"]
[SourceVersion "1"]
[SourceVersionDate "2024.04.06"]
[SourceQuality "1"]

1. e4 e6 2. d4 d5 3. Bd3 Nc6 4. c3 dxe4 5. Bxe4 Bd7 6. Bf4 Nf6 7. Bf3 Bd6 8.
Bxd6 cxd6 9. Ne2 Qb6 10. Qd2 O-O 11. O-O Rac8 12. Na3 d5 13. Rab1 Rc7 14. Nc2
Rfc8 15. Rfe1 e5 16. dxe5 Nxe5 17. Bxd5 Neg4 18. Ne3 Nxe3 19. fxe3 Nxd5 20.
Qxd5 Qxe3+ 21. Kh1 Bc6 22. Qd4 Qg5 23. Ng3 h5 24. Re5 Qg6 25. Rxh5 Qxb1+ 0-1

[Event "UK Armed Services Championship"]
[Site "Wittering"]
[Date "2024.04.07"]
[Round "5.27"]
[White "Pun Magar, Bijay"]
[Black "Bray, Justin"]
[Result "1-0"]
[WhiteElo "1532"]
[BlackElo "1200"]
[PlyCount "79"]
[EventDate "2024.04.05"]
[EventType "swiss"]
[EventRounds "7"]
[EventCountry "ENG"]
[SourceTitle "BritBase"]
[Source "John Saunders"]
[SourceDate "2024.05.09"]
[SourceVersion "1"]
[SourceVersionDate "2024.04.06"]
[SourceQuality "1"]

1. e4 c6 2. d4 d5 3. e5 Bf5 4. c4 e6 5. c5 b6 6. b4 Ne7 7. Bg5 h6 8. Bh4 bxc5
9. bxc5 Qa5+ 10. Nd2 Na6 11. a3 Nc7 12. h3 Bh7 13. Ngf3 Nf5 14. Bg3 Nb5 15.
Bxb5 Qxb5 16. Rb1 Qa6 17. Rb4 Nxg3 18. fxg3 Be7 19. Qb3 O-O 20. Rb7 Rfe8 21.
Kf2 Qd3 22. Rb1 Qxb3 23. R1xb3 a5 24. R3b6 Bc2 25. Rxc6 Bd8 26. Rd6 Ba4 27. Nb1
Re7 28. Rxd8+ Rxd8 29. Rxe7 Rc8 30. Rb7 Bc6 31. Rb6 Kf8 32. Nc3 Ke8 33. a4 Kd7
34. Nb5 Bxb5 35. Rxb5 Ra8 36. Rb7+ Kc6 37. Rxf7 Rb8 38. Ra7 Rb4 39. Rxa5 g5 40.
g4 1-0

[Event "UK Armed Services Championship"]
[Site "Wittering"]
[Date "2024.04.07"]
[Round "5.28"]
[White "Mawer, Thomas"]
[Black "Stuttard, Harry"]
[Result "1-0"]
[WhiteElo "1300"]
[BlackElo "1489"]
[PlyCount "69"]
[EventDate "2024.04.05"]
[EventType "swiss"]
[EventRounds "7"]
[EventCountry "ENG"]
[SourceTitle "BritBase"]
[Source "John Saunders"]
[SourceDate "2024.05.09"]
[SourceVersion "1"]
[SourceVersionDate "2024.04.06"]
[SourceQuality "1"]

1. e4 c5 2. Nf3 d6 3. Bc4 e6 4. O-O Nc6 5. c3 d5 6. exd5 exd5 7. Re1+ Be7 8.
Bb3 Nf6 9. h3 O-O 10. d4 cxd4 11. Nxd4 Re8 12. Bg5 Nxd4 13. Qxd4 a6 14. Nd2 Be6
15. Re2 h6 16. Bh4 g5 17. Bg3 Nh5 18. Bh2 Bd6 19. Bxd5 Bxh2+ 20. Kxh2 Qc7+ 21.
g3 Bxd5 22. Rxe8+ Rxe8 23. Qxd5 Rd8 24. Qc4 Qb6 25. Ne4 Rd2 {Nice idea} 26.
Qc8+ (26. Nxd2 Qxf2+ 27. Kh1 Nxg3#) 26... Kg7 27. Qf5 Rxb2 28. Rd1 Rb5 29. Qf3
Qg6 30. Rd6 f6 31. Rd7+ Kh8 32. Qd3 Rb6 33. Rd8+ Kh7 34. Qd7+ Qg7 35. Qf5+ 1-0

[Event "UK Armed Services Championship"]
[Site "Wittering"]
[Date "2024.04.07"]
[Round "5.29"]
[White "Ahmad, Hasan"]
[Black "Taylor, Ross"]
[Result "1-0"]
[WhiteElo "1098"]
[BlackElo "1476"]
[PlyCount "131"]
[EventDate "2024.04.05"]
[EventType "swiss"]
[EventRounds "7"]
[EventCountry "ENG"]
[SourceTitle "BritBase"]
[Source "John Saunders"]
[SourceDate "2024.05.09"]
[SourceVersion "1"]
[SourceVersionDate "2024.04.06"]
[SourceQuality "1"]

1. e4 e5 2. Nc3 Nf6 3. f4 d6 4. d4 exd4 5. Qxd4 Be7 6. Bc4 Bd7 7. Bd2 Nc6 8.
Qf2 a6 9. h3 b5 10. Bb3 Na5 11. Bd5 Nxd5 12. Nxd5 Nc4 13. O-O-O Nxd2 14. Rxd2
c5 15. g4 Bc6 16. Nf3 a5 17. e5 Bxd5 18. Rxd5 Qc7 19. exd6 Bxd6 20. Re1+ Kf8
21. Kb1 Qc6 22. Red1 Rd8 23. Ne5 Qc7 24. Qf3 f6 25. Nd3 Kf7 26. Ne5+ Bxe5 27.
Rxd8 Rxd8 28. Rxd8 Qxd8 29. fxe5 Qe7 30. Qb3+ Kg6 31. Qxb5 Qd8 32. a3 Qd1+ 33.
Ka2 Qd5+ 34. b3 Qxe5 35. Qxa5 h5 36. Qa4 Kg5 37. gxh5 f5 38. Qc4 Kxh5 39. a4 f4
40. a5 Qd4 41. a6 f3 42. a7 Qxc4 43. bxc4 f2 44. a8=Q f1=Q 45. Qd5+ Kh6 46. h4
Qe1 47. Qg5+ Kh7 48. Qxc5 Qxh4 49. Qf5+ Kh6 50. Kb3 Qg3+ 51. c3 g6 52. Qf8+ Kh5
53. Qh8+ Kg4 54. c5 Qc7 55. Qd4+ Kh5 56. Qd6 Qb7+ 57. Qb6 Qd5+ 58. Kb4 Qe4+ 59.
Ka5 g5 60. c6 Qd5+ 61. Qb5 Qd8+ 62. Qb6 Qd5+ 63. Ka6 Qa2+ 64. Kb7 Qf7+ 65. c7
Qf3+ 66. Kb8 1-0

[Event "UK Armed Services Championship"]
[Site "Wittering"]
[Date "2024.04.07"]
[Round "5.33"]
[White "McClennon, Dave"]
[Black "Symonds, Joshua"]
[Result "1-0"]
[WhiteElo "1586"]
[BlackElo "1200"]
[PlyCount "73"]
[EventDate "2024.04.05"]
[EventType "swiss"]
[EventRounds "7"]
[EventCountry "ENG"]
[SourceTitle "BritBase"]
[Source "John Saunders"]
[SourceDate "2024.05.09"]
[SourceVersion "1"]
[SourceVersionDate "2024.04.06"]
[SourceQuality "1"]

1. c4 e5 2. g3 Bc5 3. Bg2 Nf6 4. Nc3 Nc6 5. e3 d6 6. Nge2 Bd7 7. O-O O-O 8. a3
a5 9. d4 exd4 10. exd4 Bb6 11. Bg5 h6 12. Bxf6 Qxf6 13. Nd5 Qg6 14. Nxb6 cxb6
15. Nf4 Qf6 16. Nd5 Qxd4 17. Qxd4 Nxd4 18. Nxb6 Rad8 19. Bxb7 Bc6 20. Bxc6 Nxc6
21. Nd5 Rb8 22. Rab1 Rfe8 23. b4 Re5 24. b5 Ne7 25. Nxe7+ Rxe7 26. Rfe1 Rxe1+
27. Rxe1 Rc8 28. Rc1 d5 29. c5 d4 30. c6 d3 31. Rd1 Rb8 32. c7 Rc8 33. b6 Kf8
34. Rxd3 Ke7 35. b7 Rxc7 36. b8=Q Rc1+ 37. Kg2 1-0

[Event "UK Armed Services Championship"]
[Site "Wittering"]
[Date "2024.04.07"]
[Round "5.34"]
[White "Lock, Benedict"]
[Black "Sanni-Woollams, Ryan"]
[Result "1-0"]
[WhiteElo "1545"]
[BlackElo "1160"]
[PlyCount "61"]
[EventDate "2024.04.05"]
[EventType "swiss"]
[EventRounds "7"]
[EventCountry "ENG"]
[SourceTitle "BritBase"]
[Source "John Saunders"]
[SourceDate "2024.05.09"]
[SourceVersion "1"]
[SourceVersionDate "2024.04.06"]
[SourceQuality "1"]

1. c4 d5 2. cxd5 Qxd5 3. Nc3 Qd8 4. e4 e5 5. Nf3 Nc6 6. Bb5 a6 7. Bxc6+ bxc6 8.
Nxe5 Bb7 9. Qb3 Qf6 10. Qxb7 Rd8 11. Qxc6+ Qxc6 12. Nxc6 Rd6 13. Na7 Re6 14.
O-O Nf6 15. d3 Bc5 16. Be3 Bxe3 17. fxe3 O-O 18. b4 Ra8 19. e5 Ng4 20. Rf3 Nxe5
21. Rf4 Nxd3 22. Rd4 Rxe3 23. Rd1 Nb2 24. Rd8+ Re8 25. Rxe8+ Rxe8 26. Rd2 Nc4
27. Re2 Ne5 28. Nc6 Nf3+ 29. gxf3 Rxe2 30. Nxe2 g5 31. a4 1-0

[Event "UK Armed Services Championship"]
[Site "Wittering"]
[Date "2024.04.07"]
[Round "5.36"]
[White "Tucker, Andrew"]
[Black "Pitchers, Michael"]
[Result "0-1"]
[WhiteElo "1461"]
[BlackElo "1528"]
[PlyCount "66"]
[EventDate "2024.04.05"]
[EventType "swiss"]
[EventRounds "7"]
[EventCountry "ENG"]
[SourceTitle "BritBase"]
[Source "John Saunders"]
[SourceDate "2024.05.09"]
[SourceVersion "1"]
[SourceVersionDate "2024.04.06"]
[SourceQuality "1"]

1. d4 e6 2. e3 Nf6 3. h3 c5 4. c3 Nc6 5. Nf3 d5 6. Ne5 Nxe5 7. dxe5 Ne4 8. Nd2
Nxd2 9. Bxd2 a6 10. Be2 Qg5 11. O-O Qxe5 12. Bf3 Bd6 13. g3 O-O 14. a3 Bd7 15.
Be2 c4 16. b3 b5 17. b4 Rfe8 18. Bh5 Rad8 19. h4 Qf5 20. Bg4 Qf6 21. Qb1 e5 22.
Bxd7 Rxd7 23. Qd1 Rde7 24. a4 d4 25. cxd4 exd4 26. exd4 Qxd4 27. Be3 Qxd1 28.
Rfxd1 Bxb4 29. Rdb1 Bc3 30. Ra2 b4 31. Bc5 Re1+ 32. Rxe1 Rxe1+ 33. Kg2 b3 0-1

[Event "UK Armed Services Championship"]
[Site "Wittering"]
[Date "2024.04.07"]
[Round "5.38"]
[White "Bridge, Michael"]
[Black "Graeme, Matthew"]
[Result "1-0"]
[WhiteElo "1376"]
[BlackElo "1165"]
[PlyCount "73"]
[EventDate "2024.04.05"]
[EventType "swiss"]
[EventRounds "7"]
[EventCountry "ENG"]
[SourceTitle "BritBase"]
[Source "John Saunders"]
[SourceDate "2024.05.09"]
[SourceVersion "1"]
[SourceVersionDate "2024.04.06"]
[SourceQuality "1"]

1. e4 d5 2. exd5 Nf6 3. Nc3 Nxd5 4. Nxd5 Qxd5 5. Nf3 Nc6 6. h3 e5 7. b3 e4 8.
Bc4 Qd8 9. Qe2 Qe7 10. Nh2 Nd4 11. Qd1 g6 12. Bb2 Bg7 13. Bxd4 Bxd4 14. c3 Be5
15. Ng4 Bxg4 16. hxg4 O-O-O 17. g3 Bxc3 18. O-O Bxa1 19. Qxa1 Rxd2 20. Qxh8+
Kd7 21. Qxh7 e3 22. Kg2 Qe4+ 23. Kh2 Qf3 24. Qxf7+ Qxf7 25. Bxf7 Kd6 26. a4 g5
27. Kg2 Rxf2+ 28. Rxf2 exf2 29. Kxf2 c5 30. Ke3 Ke5 31. Kd3 Kd6 32. Ke4 Kc6 33.
Kf5 Kb6 34. Kxg5 Ka5 35. Kf5 b5 36. axb5 Kxb5 37. g5 1-0

[Event "UK Armed Services Championship"]
[Site "Wittering"]
[Date "2024.04.07"]
[Round "5.39"]
[White "Johnson, Kimberley"]
[Black "Price, Jamie"]
[Result "0-1"]
[WhiteElo "800"]
[BlackElo "1300"]
[PlyCount "56"]
[EventDate "2024.04.05"]
[EventType "swiss"]
[EventRounds "7"]
[EventCountry "ENG"]
[SourceTitle "BritBase"]
[Source "John Saunders"]
[SourceDate "2024.05.09"]
[SourceVersion "1"]
[SourceVersionDate "2024.04.06"]
[SourceQuality "1"]

1. e4 e5 2. Bc4 Nc6 3. Nf3 Nf6 4. d3 Bc5 5. Be3 Bb6 6. Nc3 O-O 7. Ng5 d6 8. f4
Ne7 9. Bxb6 axb6 10. Nd5 Ng6 11. f5 Nxd5 12. Bxd5 Nf4 13. Qg4 Nxd5 14. O-O-O
Ne3 15. Qh5 h6 16. h4 Nxd1 17. Nf3 Rxa2 18. Rf1 Nc3 19. d4 Ra1+ 20. Kd2 Nxe4+
21. Ke3 Ng3 22. Qg4 Bxf5 23. Qxg3 Rxf1 24. Nh2 exd4+ 25. Kxd4 Qf6+ 26. Kc4 Bxc2
27. Kb4 Rf4+ 28. Ka3 Ra8# 0-1